Doing Qualitative Research (Record no. 8275)

MARC details
000 -LEADER
fixed length control field 00537nam a22002177a 4500
001 - CONTROL NUMBER
control field nam a22 7a 4500
003 - CONTROL NUMBER IDENTIFIER
control field OSt
005 - DATE AND TIME OF LATEST TRANSACTION
control field 20211001093515.0
007 - PHYSICAL DESCRIPTION FIXED FIELD--GENERAL INFORMATION
fixed length control field nam a22 7a 4500
008 - FIXED-LENGTH DATA ELEMENTS--GENERAL INFORMATION
fixed length control field 211001b |||||||| |||| 00| 0 eng d
010 ## - LIBRARY OF CONGRESS CONTROL NUMBER
LC control number nam a22 7a 4500
020 ## - INTERNATIONAL STANDARD BOOK NUMBER
International Standard Book Number 9781446260159
040 ## - CATALOGING SOURCE
Transcribing agency HU
082 ## - DEWEY DECIMAL CLASSIFICATION NUMBER
Edition number 4th
Classification number 330.72/SIL/2013
100 ## - MAIN ENTRY--PERSONAL NAME
Personal name Sillverman David
9 (RLIN) 8948
245 ## - TITLE STATEMENT
Title Doing Qualitative Research
250 ## - EDITION STATEMENT
Edition statement 4th
260 ## - PUBLICATION, DISTRIBUTION, ETC.
Place of publication, distribution, etc. Los Angeles
Name of publisher, distributor, etc. SAGE
Date of publication, distribution, etc. 2013
300 ## - PHYSICAL DESCRIPTION
Extent 470p
942 ## - ADDED ENTRY ELEMENTS (KOHA)
Source of classification or shelving scheme Dewey Decimal Classification
Koha item type Books like text book referance book
Suppress in OPAC No
Holdings
Withdrawn status Lost status Source of classification or shelving scheme Damaged status Not for loan Home library Current library Shelving location Date acquired Total Checkouts Full call number Barcode Date last seen Copy number Price effective from Koha item type
    Dewey Decimal Classification     Natural & Computational Science Library Natural & Computational Science Library General Stacks 10/01/2021   330.72/SIL/2013 NCSLIB0001405 10/01/2021 1 10/01/2021 Books like text book referance book
    Dewey Decimal Classification     Social Library Social Library General Stacks 12/02/2021   300.72/sil SHLIB 00012231 12/02/2021 c4 12/02/2021 Books like text book referance book
    Dewey Decimal Classification     Social Library Social Library General Stacks 12/02/2021   300.72/sil SHLIB 00012234 12/02/2021 c3 12/02/2021 Books like text book referance book
    Dewey Decimal Classification     Social Library Social Library General Stacks 12/02/2021   300.72/sil SHLIB 00012233 12/02/2021 c2 12/02/2021 Books like text book referance book
    Dewey Decimal Classification     Social Library Social Library General Stacks 12/02/2021   300.72/sil SHLIB 00012232 12/02/2021 c1 12/02/2021 Books like text book referance book